000 00651nam a22001697a 4500
999 _c58472
_d58472
005 20220324122927.0
008 220324s2021ge xxu||||| |||| 00| 0 geo d
020 _q1512259X.
041 _ageo
245 _aმართლმსაჯულება და კანონი = Justice and Law /
_bრედ. ნინო ძიძიგური.
260 _aთბილისი,
_c2021.
300 _aV.
653 _a მართლმსაჯულება და კანონი
653 _aსამართალი
700 _a ძიძიგური, ნინო
_eრედაქტორი
_913608
942 _2udc
_cCR